000 00778nam a2200205Ia 4500
005 20241216011428.0
008 190429s9999||||xx |||||||||||||| ||und||
082 _a372.82
_bA86
100 _aATENCIO PAUCAR ZOSIMO GERVER, MARTINEZ TAQUIRE DANIEL, ZEVALLOS VICENTE FALDO
245 0 _aINFLUENCIA DE LA SITUACION SOCIO-ECONOMICA DE LA FAMILIA EN EL RENDIMIENTO ESCOLAR DE LOS NIÑOS DEL 5TO Y 6TO GRADO DE LA E.P.M. N°34033 DEL CENTRO POBLADO DE PARAGSHA
250 _a0
260 _aCERRO DE PASCO-PERU
_bUNDAC
_c2005
300 _a940 pag.
_c30 cm.
341 _h0
490 _v0
_a0
505 _aCARACTERIZACION DEL CENTRO POBLADO MENOR PARAGSHA/SOCIALIZAC
541 _aD
_bATENCIO PAUCAR ZOSIMO
_d20-Oct-06
_oSoles
650 _aEducación Primaria
942 _cTESIS
999 _c41598
_d41598